Taxation : (Record no. 84385)

MARC details
000 -LEADER
fixed length control field 00639nam a22002057a 4500
005 - DATE AND TIME OF LATEST TRANSACTION
control field 20140804123243.0
010 ## - LCCN (DPL NO)
LC control number ENG-109958
020 ## - INTERNATIONAL STANDARD BOOK NUMBER
International Standard Book Number 9789351431244
Terms of availability 1495.00
035 ## - SYSTEM CONTROL NUMBER
System control number EN-93491
037 ## - SOURCE OF ACQUISITION
Source of stock number/acquisition DBAD/PUB
082 ## - DEWEY DECIMAL CLASSIFICATION NUMBER
Classification number 343.54
100 ## - MAIN ENTRY--PERSONAL NAME
Personal name Shome, Parthasarathi
245 ## - TITLE STATEMENT
Title Taxation :
Statement of responsibility, etc by Parthasarathi Shome
Remainder of title principles and applications : a compendium /
250 ## - EDITION STATEMENT
Edition statement 2nd ed
260 ## - PUBLICATION, DISTRIBUTION, ETC. (IMPRINT)
Place of publication, distribution, etc Gurgaon
Name of publisher, distributor, etc Lexis Nexis
Date of publication, distribution, etc 2014
270 ## - ADDRESS
Address 14th Floor, Bldg No.10, Tower-B, DLF Cyber City, Phase-II
City Gurgaon
Postal code 122002
300 ## - PHYSICAL DESCRIPTION
Extent xvi,824p.
Dimensions 24cm(Hb)
500 ## - GENERAL NOTE
General note Includes index
942 ## - ADDED ENTRY ELEMENTS (KOHA)
Source of classification or shelving scheme Dewey Decimal Classification
Item type English Books
Call number suffix SHO
Classification part 343.54
Holdings
Withdrawn status Lost status Not for loan Collection code Home library Current library Date acquired Source of acquisition Cost, normal purchase price Full call number Barcode Copy number Cost, replacement price Koha item type
    Not For Loan Non-fiction D.B.Act.Division D.B.Act.Division 21/05/2014 DBAD/PUB 1495.00 343.54 SHO EN-93491 1 1495.00 English Books

© Delhi Public Library
Hit Counter
free hit counter